| 000 | 00565nam a2200193Ia 4500 | ||
|---|---|---|---|
| 003 | OSt | ||
| 005 | 20250705122642.0 | ||
| 008 | 210210b1993 xxu||||| |||| 00| 0 eng d | ||
| 040 | _cAL | ||
| 041 | _aKannada | ||
| 082 | _aK894.1 SANK | ||
| 100 |
_aSANJIVA KUDPAJE. _dಸಂಜೀವ ಕುದ್ಪಾಜೆ _9217479 |
||
| 245 |
_aKamana billina sainikaru _b ಕಾಮನ ಬಿಲ್ಲಿನ ಸೈನಿಕರು |
||
| 260 |
_aBengaluru _bBantamale Prakashana _c1993 |
||
| 300 | _a55 | ||
| 690 |
_aKannada Poetry _9217480 |
||
| 906 | _a047499 | ||
| 942 |
_2ddc _cBK |
||
| 999 |
_c96665 _d96665 |
||